[Event "HUN-chT2 Maroczy 0910"]
[Site "Hungary"]
[Date "2010.02.27"]
[Round "5"]
[White "Szurovszky, Elek"]
[Black "Czegledi, Zsolt"]
[Result "1-0"]
[WhiteElo "2097"]
[BlackElo "2184"]
[PlyCount "133"]
[EventDate "2009.11.08"]
[EventType "team-tourn"]
[EventRounds "11"]
[EventCountry "HUN"]
[SourceTitle "EXT 2011"]
[Source "ChessBase"]
[SourceDate "2010.11.26"]
[SourceVersion "1"]
[SourceVersionDate "2010.11.26"]
[SourceQuality "1"]
[WhiteTeam "Fenstherm"]
[BlackTeam "TLSE"]
[WhiteTeamCountry "HUN"]
[BlackTeamCountry "HUN"]

1. e4 e5 2. Nf3 Nc6 3. d4 exd4 4. Nxd4 Bc5 5. Be3 Qf6 6. c3 Nge7 7. g3 h5 8. h4 d5 9. Bg2 Nxd4 10. cxd4 Bb4+ 11. Nc3 Bxc3+ 12. bxc3 dxe4 13. Bxe4 c6 14. 0-0 Bf5 15. Bg5 Qg6 16. Bxf5 Nxf5 17. Re1+ Kf8 18. Qb1 Kg8 19. Re5 Nd6 20. Qxg6 fxg6 21. Re6 Nb5 22. Rc1 Kh7 23. a4 Nc7 24. Re7 Nd5 25. Rxb7 Rhb8 26. Rxb8 Rxb8 27. c4 Nf6 28. d5 cxd5 29. Bxf6 gxf6 30. cxd5 Rd8 31. Rc5 g5 32. Kf1 gxh4 33. gxh4 Kg6 34. Ke2 Kf5 35. Ke3 Rb8 36. d6+ Ke6 37. Rxh5 Rb3+ 38. Ke2 Kxd6 39. Kf1 Rb4 40. a5 a6 41. Kg2 Ke6 42. f3 Ra4 43. Kg3 Kf7 44. Rc5 Kg6 45. h5+ Kh6 46. Rf5 Kg7 47. f4 Ra1 48. Rc5 Kh6 49. Kg4 Ra3 50. Kf5 Kxh5 51. Kxf6+ Kh6 52. Ke5 Kg7 53. Kd6 Kf6 54. Kc7 Rf3 55. f5 Ke7 56. Re5+ Kf6 57. Re6+ Kxf5 58. Rxa6 Ke5 59. Rh6 Rc3+ 60. Kb7 Kd5 61. a6 Rg3 62. a7 Rg7+ 63. Ka6 Rg8 64. Rb6 Kc5 65. Rb8 Rg6+ 66. Ka5 Rg2 67. Rc8+ 1-0

[Event "HUN-chT2 Toth 0809"]
[Site "Hungary"]
[Date "2009.01.11"]
[Round "5.8"]
[White "Egyed, Gabor"]
[Black "Czegledi, Zsolt"]
[Result "0-1"]
[WhiteElo "1885"]
[BlackElo "2193"]
[PlyCount "74"]
[EventDate "2008.10.26"]
[EventType "team-tourn"]
[EventRounds "11"]
[EventCountry "HUN"]
[SourceTitle "EXT 2010"]
[Source "ChessBase"]
[SourceDate "2010.11.25"]
[SourceVersion "1"]
[SourceVersionDate "2010.11.25"]
[SourceQuality "1"]
[WhiteTeam "Karcag"]
[BlackTeam "Toth Laszlo"]
[WhiteTeamCountry "HUN"]
[BlackTeamCountry "HUN"]

1. e4 e5 2. Nf3 Nc6 3. Bc4 Nf6 4. d4 exd4 5. e5 d5 6. Bb5 Ne4 7. Nxd4 Bd7 8. Bxc6 bxc6 9. 0-0 Be7 10. Kh1 0-0 11. f3 Nc5 12. f4 f6 13. Nc3 fxe5 14. fxe5 Bg4 15. Nce2 Qd7 16. Bf4 Ne4 17. c4 g5 18. Be3 c5 19. Rxf8+ Rxf8 20. e6 Qe8 21. cxd5 cxd4 22. Qxd4 Qg6 23. Nc3 Nxc3 24. bxc3 Qh5 25. Qe5 Bd1 26. Qxc7 Rf1+ 27. Bg1 Qe2 28. Qb8+ Bf8 29. Qxa7 Bd6 30. Rb1 Qe5 31. Qf7+ Rxf7 32. exf7+ Kxf7 33. Rxd1 Qxc3 34. Bd4 Qc2 35. Rf1+ Ke8 36. Rf6 Qd1+ 37. Bg1 Bc5 0-1